Adele - Hello lyrics - Statistics

General Stats
  • This quiz has been taken 457 times
  • The average score is 202 of 257
Answer Stats
Answer % Correct
Hello
100%
I
99%
a
98%
it
98%
me
98%
me?
98%
the
98%
ya
98%
you
98%
you?
98%
it's
97%
It's
97%
to
97%
To
97%
so
93%
So
93%
from
92%
ever
91%
I'm
91%
other
91%
side
91%
time
91%
be
90%
everything
90%
for
90%
that
90%
sorry
89%
all
87%
can
87%
go
87%
hear
87%
if
87%
tell
87%
was
87%
wondering
86%
call
85%
I've
85%
time's
85%
times
85%
but
83%
But
83%
done
83%
thousand
83%
we
82%
like
81%
say
81%
after
80%
must've
80%
over
80%
your
79%
and
78%
called
78%
When
78%
when
78%
us
77%
years
77%
these
76%
you'd
76%
in
75%
meet
75%
are
72%
at
71%
At
71%
breaking
71%
don't
71%
heart
71%
how
71%
tried
71%
were
71%
heal
70%
They
70%
never
69%
about
68%
California
68%
of
68%
seem
68%
out
67%
anymore
66%
least
66%
used
66%
dreaming
65%
home
65%
much
65%
supposed
64%
younger
63%
no
62%
who
62%
free
61%
doesn't
59%
healing
58%
matter
58%
apart
57%
ain't
56%
clearly
53%
outside
53%
talk
53%
tear
53%
between
50%
million
48%
Did
47%
where
47%
you're
47%
difference
46%
miles
46%
Oh
46%
both
45%
myself
45%
running
45%
felt
43%
make
43%
our
43%
There's
43%
forgotten
42%
hope
42%
such
42%
typical
42%
feet
41%
secret
40%
world
40%
nothing
39%
town
39%
fell
38%
happened?
37%
before
36%
well
36%
No matching quizzes found
Score Distribution
Percent of People with Each Score
Percentile by Number Answered
Your Score History
You have not taken this quiz